000 00412nam a22001337a 4500
008 230605b xxu||||| |||| 00| 0 eng d
020 _a0889118957
082 _a320.971
_bSAL
110 _bSchool of Policy Studies
245 _aThe Dynamics of Decentralization
_bCanadian Fedelarism and British Devolution
260 _aLondon,Ithaca
_bMcGill-Queen's University Press
_c2001
300 _aVII,192p
942 _2ddc
_cBK
999 _c222
_d222